Movies Quiz

Random Movies Quiz

Rules of Zombieland Quiz Stats

 Plays Quiz not verified by Sporcle

Challenge
Share
Tweet
Embed
Score 0/22 Timer 10:00
0 Plays Today
Rule # Rule % Correct
1Cardio
84.6%
4Doubletap
73.1%
17Don't be a Hero
65.4%
Rule #17 (Amended)Be A Hero
53.8%
3Seatbelts
51.3%
2Beware of bathrooms
44.9%
18Limber Up
43.6%
32Enjoy the little things
43.6%
31Check the back seat
35.9%
15When in Doubt, Know your Way out!
25.6%
6Travel in a group
6.4%
Rule # Rule % Correct
5No Attachments
5.1%
21Zombies cant Climb
5.1%
23God Bless Rednecks
3.8%
19Blend In
2.6%
24No Drinking
2.6%
10Be Quiet
1.3%
7Keep the Dumb Dumbs Close at hand
0%
8Kill with Efficiency
0%
9Guns are for Hunting, Not for Zombie Killing
0%
20FInd the Right Shelter
0%
22Be ruthless
0%

You're not logged in!

Compare scores with friends on all Sporcle quizzes.
OR
Log In

You Might Also Like...

Show Comments

Extras

Created Aug 5, 2010SourceReportNominate
Tags:rule, zombieland

Top Quizzes Today


Score Distribution

Your Account Isn't Verified!

In order to create a playlist on Sporcle, you need to verify the email address you used during registration. Go to your Sporcle Settings to finish the process.

Report this User

Report this user for behavior that violates our Community Guidelines.

Details: